Mafia Sicile (Mafia từ năm 1950 đến nay)

Zapisane w:
Opis bibliograficzny
1. autor: FABRRIZIO CALVI
Format: Książka
Język:Undetermined
Wydane: Công an Nhân Dân 2002
Etykiety: Dodaj etykietę
Nie ma etykietki, Dołącz pierwszą etykiete!
Thư viện lưu trữ: Trung tâm Học liệu Trường Đại học Cần Thơ
LEADER 00454nam a2200157Ia 4500
001 CTU_49063
008 210402s9999 xx 000 0 und d
082 |a 853.914 
082 |b C168 
100 |a FABRRIZIO CALVI 
245 0 |a Mafia Sicile 
245 0 |b (Mafia từ năm 1950 đến nay) 
245 0 |c FABRRIZIO CALVI, Phạm Văn Ba 
260 |b Công an Nhân Dân 
260 |c 2002 
980 |a Trung tâm Học liệu Trường Đại học Cần Thơ